[Event "Sachsen-Anhalt-ch op"]
[Site "Magdeburg"]
[Date "2022.10.30"]
[Round "4"]
[White "Binnewies, Markus"]
[Black "Paul, Andre David"]
[Result "1-0"]
[WhiteElo "1826"]
[BlackElo "1671"]
[PlyCount "69"]
[EventDate "2022.10.29"]
[EventType "swiss"]
[EventRounds "7"]
[EventCountry "GER"]
[SourceTitle "CBM 211 Extra"]
[Source "ChessBase"]
[SourceDate "2023.01.31"]
[SourceVersion "1"]
[SourceVersionDate "2023.01.31"]
[SourceQuality "1"]

1. e4 e6 2. d4 d5 3. e5 c5 4. c3 Nc6 5. Nf3 Bd7 6. a3 Qb6 7. b4 cxd4 8. cxd4 Qc7 9. Bb2 b6 10. Nc3 a6 11. Rc1 b5 12. Be2 Qb6 13. 0-0 Nge7 14. Qd2 Nf5 15. Rfd1 g6 16. Rc2 Bh6 17. Qd3 Qd8 18. Bc1 Bf8 19. g4 Nfe7 20. Be3 h5 21. h3 hxg4 22. hxg4 Rc8 23. Rcc1 Rc7 24. Kg2 Nc8 25. Rh1 Rg8 26. Rh7 Nb6 27. Rch1 Nc4 28. Bc1 Qc8 29. Rh8 Ne7 30. Rxg8 Nxg8 31. Rh8 Nxe5 32. Nxe5 Rxc3 33. Qd2 Rxc1 34. Rxg8 Rc2 35. Qf4 1-0

[Event "Sachsen-Anhalt-ch op"]
[Site "Magdeburg"]
[Date "2022.10.29"]
[Round "2"]
[White "Paul, Andre David"]
[Black "Tews, Steffen"]
[Result "0-1"]
[WhiteElo "1671"]
[BlackElo "1788"]
[PlyCount "106"]
[EventDate "2022.10.29"]
[EventType "swiss"]
[EventRounds "7"]
[EventCountry "GER"]
[SourceTitle "CBM 211 Extra"]
[Source "ChessBase"]
[SourceDate "2023.01.31"]
[SourceVersion "1"]
[SourceVersionDate "2023.01.31"]
[SourceQuality "1"]

1. d4 g6 2. c4 Bg7 3. Nc3 c6 4. Nf3 d5 5. e3 Nf6 6. cxd5 Nxd5 7. Be2 Bg4 8. h3 Bxf3 9. Bxf3 Na6 10. Nxd5 cxd5 11. Qa4+ Qd7 12. Qxd7+ Kxd7 13. Bxd5 Nb4 14. Be4 Rac8 15. Kd2 e5 16. a3 Nc6 17. Bxc6+ Rxc6 18. d5 Rc5 19. e4 Rhc8 20. Kd3 Rc2 21. Be3 b6 22. Rab1 f5 23. Rhc1 fxe4+ 24. Kxe4 R8c4+ 25. Kf3 e4+ 26. Kg4 Bxb2 27. Rxc2 Rxc2 28. Kf4 Bxa3 29. Kxe4 Bc5 30. Kd3 Ra2 31. Bxc5 bxc5 32. Rb7+ Kd6 33. Rxh7 Rxf2 34. Rxa7 Kxd5 35. Rg7 Rxg2 36. h4 Rg3+ 37. Kd2 Rg4 38. Rh7 Kd4 39. h5 Rg2+ 40. Kc1 Kc3 41. Kd1 Rg1+ 42. Ke2 g5 43. Rg7 c4 44. h6 Kc2 45. h7 Rh1 46. Kf3 Rh4 47. Ke3 c3 48. Ke2 g4 49. Rxg4 Rxh7 50. Rg2 Re7+ 51. Kf3+ Kb1 52. Rg1+ Kb2 53. Rg5 Rb7 0-1

[Event "Sachsen-Anhalt-ch op"]
[Site "Magdeburg"]
[Date "2021.10.28"]
[Round "2"]
[White "Paul, Andre David"]
[Black "Tews, Steffen"]
[Result "0-1"]
[WhiteElo "1675"]
[BlackElo "1822"]
[PlyCount "62"]
[EventDate "2021.10.28"]
[EventType "swiss"]
[EventRounds "7"]
[EventCountry "GER"]
[SourceTitle "CBM 205 Extra"]
[Source "ChessBase"]
[SourceDate "2022.01.31"]
[SourceVersion "1"]
[SourceVersionDate "2022.01.31"]
[SourceQuality "1"]

1. d4 g6 2. c4 Bg7 3. Nc3 d6 4. Nf3 Nc6 5. e3 Nf6 6. a3 0-0 7. Be2 b6 8. 0-0 Bb7 9. Qc2 Rc8 10. b3 Nd7 11. Bb2 e5 12. dxe5 Ncxe5 13. e4 Qf6 14. Rab1 Nxf3+ 15. Bxf3 Ne5 16. Be2 Qe6 17. h3 Nc6 18. Bg4 f5 19. exf5 gxf5 20. Rfe1 Qg6 21. Bf3 Nd4 22. Bd5+ Bxd5 23. Nxd5 Nxc2 24. Ne7+ Kf7 25. Nxg6 hxg6 26. Bxg7 Kxg7 27. Red1 Rce8 28. Kf1 Nxa3 29. Ra1 Nc2 30. Rxa7 Re7 31. Ra4 Rfe8 0-1